LIBRARY & INFORMATION CENTRE, KCAET, TAVANUR

ONLINE PUBLIC ACCESS CATALOGUE (OPAC)

Biotechnology: A comprehensive treatise in 8 volumes, Vol 3 / (Record no. 10901)

MARC details
000 -LEADER
fixed length control field 00450cam a2200169ua 4500
020 ## - INTERNATIONAL STANDARD BOOK NUMBER
ISBN 3-527-25765-9
041 ## - LANGUAGE CODE
Language code of text/sound track or separate title eng
082 ## - DEWEY DECIMAL CLASSIFICATION NUMBER
Classification number 028.766
Item number DEL/BI
100 ## - MAIN ENTRY--AUTHOR NAME
Personal name Dellweg, H .
245 ## - TITLE STATEMENT
Title Biotechnology: A comprehensive treatise in 8 volumes, Vol 3 /
260 ## - PUBLICATION, DISTRIBUTION, ETC. (IMPRINT)
Place of publication Dearfield Beach :
Name of publisher Weinheim ,
Year of publication 1983.
300 ## - PHYSICAL DESCRIPTION
Number of Pages 642 ; .
500 ## - GENERAL NOTE
General note ** Reference
942 ## - ADDED ENTRY ELEMENTS (KOHA)
Koha item type Books
Holdings
Withdrawn status Lost status Damaged status Home library Current library Date acquired Full call number Accession Number Koha item type
      KAUAET KAUAET 07/04/2012 028.766 15996 Reference
free website counter